[Event "Quebec op"]
[Site "Montreal CAN"]
[Date "2012.07.23"]
[Round "4"]
[White "Hebert, Jean"]
[Black "Arsenault, Nicolas"]
[Result "1-0"]
[WhiteElo "2436"]
[BlackElo "2106"]
[PlyCount "81"]
[GameId "2160767909442024"]
[EventDate "2012.07.21"]
[EventType "swiss"]
[EventRounds "9"]
[EventCountry "CAN"]
[SourceTitle "hb 2012"]

1. d4 Nf6 2. c4 e6 3. Nc3 Bb4 4. e3 O-O 5. Nge2 d5 6. a3 Be7 7. cxd5 exd5 8. Nf4 c6 9. Bd3 a5 10. O-O Na6 11. f3 Nc7 12. Rb1 Ne6 13. Nfe2 Re8 14. Kh1 c5 15. dxc5 Bxc5 16. Nb5 Nf8 17. Ned4 Ng6 18. b3 Bd7 19. Bd2 Bf8 20. Rc1 Ne5 21. Bb1 Nc6 22. a4 g6 23. Qe1 Nxd4 24. Nxd4 Bd6 25. Qh4 Re5 26. g4 Re8 27. Bd3 Rc8 28. Rxc8 Bxc8 29. Bb5 Rf8 30. Bc3 Be7 31. Qe1 Bc5 32. Bxa5 Qe7 33. Bc3 Rd8 34. Qh4 Nd7 35. Qxe7 Bxe7 36. Ba5 Rf8 37. Rc1 Ne5 38. h3 f6 39. Kg2 Nf7 40. Bb6 Ng5 41. Bc5 1-0

[Event "Quebec op"]
[Site "Montreal CAN"]
[Date "2012.07.23"]
[Round "4"]
[White "Humphreys, Michael"]
[Black "Prahov, Valentin"]
[Result "1-0"]
[WhiteElo "2179"]
[BlackElo "2209"]
[PlyCount "49"]
[GameId "2160767909442025"]
[EventDate "2012.07.21"]
[EventType "swiss"]
[EventRounds "9"]
[EventCountry "CAN"]
[SourceTitle "CBM 149 Extra"]
[Source "ChessBase"]
[SourceDate "2012.08.24"]
[SourceVersion "1"]
[SourceVersionDate "2012.08.24"]
[SourceQuality "1"]

1. Nf3 Nf6 2. c4 g6 3. g3 Bg7 4. Bg2 O-O 5. Nc3 d5 6. cxd5 Nxd5 7. O-O c5 8. Nxd5 Qxd5 9. d3 Nc6 10. Be3 Qd6 11. Rc1 b6 12. d4 c4 13. Nd2 Bb7 14. Nxc4 Qd7 15. Qa4 Rfd8 16. Rfd1 h5 17. h4 Nb8 18. Qxd7 Rxd7 19. Ne5 Bxe5 20. Bxb7 Rxb7 21. Rc8+ Kg7 22. dxe5 f5 23. e6 Kf6 24. Rdd8 Kxe6 25. Bf4 1-0

[Event "Quebec op"]
[Site "Montreal CAN"]
[Date "2012.07.23"]
[Round "4"]
[White "Jiang, Louie"]
[Black "Kovalyov, Anton"]
[Result "1/2-1/2"]
[WhiteElo "2337"]
[BlackElo "2614"]
[PlyCount "150"]
[GameId "2160767909442026"]
[EventDate "2012.07.21"]
[EventType "swiss"]
[EventRounds "9"]
[EventCountry "CAN"]
[SourceTitle "CBM 149 Extra"]
[Source "ChessBase"]
[SourceDate "2012.08.24"]
[SourceVersion "1"]
[SourceVersionDate "2012.08.24"]
[SourceQuality "1"]

1. e4 c5 2. Nf3 d6 3. d4 cxd4 4. Nxd4 Nf6 5. Nc3 a6 6. Qf3 g6 7. h3 Bg7 8. Be3 Bd7 9. g4 Nc6 10. O-O-O Rc8 11. Nxc6 Bxc6 12. Bd4 Qa5 13. Qe3 Qc7 14. Bb6 Bh6 15. Qxh6 Qxb6 16. f3 Qc5 17. Bd3 b5 18. Kb1 a5 19. h4 a4 20. Qg5 b4 21. Ne2 Nd7 22. Qxc5 dxc5 23. Ng3 e6 24. Be2 Ke7 25. Kc1 h6 26. Kd2 g5 27. Ke3 Ne5 28. hxg5 hxg5 29. Rxh8 Rxh8 30. Rh1 Rb8 31. Rh5 Rg8 32. Nf1 Rg7 33. Nd2 f6 34. Nc4 Be8 35. Rh1 Ng6 36. Rh6 Nf4 37. Bf1 Bb5 38. Rh8 Bxc4 39. Bxc4 Kd6 40. Rd8+ Ke5 41. Rc8 Rh7 42. Rxc5+ Kd6 43. Rb5 Rh2 44. Bd3 Ng2+ 45. Kd4 Ne1 46. Rb6+ Kc7 47. Rxb4 Nxf3+ 48. Kc5 a3 49. bxa3 Ne5 50. Ra4 Nd7+ 51. Kb5 Ne5 52. Ra7+ Kd6 53. Ra6+ Ke7 54. Ra7+ Kd6 55. Ra6+ Ke7 56. a4 Nxg4 57. Bc4 Ne3 58. Rxe6+ Kd7 59. Rxf6 Nxc4 60. Kxc4 Rxc2+ 61. Kb3 Re2 62. Rg6 Re3+ 63. Kb2 Rxe4 64. a5 g4 65. a6 Kc7 66. a7 Kb7 67. Rg7+ Ka8 68. Kc2 Rf4 69. Kd2 Ra4 70. Ke3 Rxa2 71. Rxg4 Ra3+ 72. Kf2 Ra2+ 73. Ke3 Ra3+ 74. Kf2 Ra2+ 75. Ke3 Ra3+ 1/2-1/2

[Event "Quebec op"]
[Site "Montreal CAN"]
[Date "2012.07.23"]
[Round "4"]
[White "Kleinman, Michael"]
[Black "Berube, Antoine"]
[Result "1/2-1/2"]
[WhiteElo "2293"]
[BlackElo "2152"]
[PlyCount "66"]
[GameId "2160767909442027"]
[EventDate "2012.07.21"]
[EventType "swiss"]
[EventRounds "9"]
[EventCountry "CAN"]
[SourceTitle "CBM 149 Extra"]
[Source "ChessBase"]
[SourceDate "2012.08.24"]
[SourceVersion "1"]
[SourceVersionDate "2012.08.24"]
[SourceQuality "1"]

1. e4 c5 2. Nf3 d6 3. d4 cxd4 4. Qxd4 Nc6 5. Bb5 Bd7 6. Qd3 g6 7. c4 Bg7 8. h3 a6 9. Bxc6 Bxc6 10. Nc3 Nf6 11. O-O O-O 12. Be3 Nd7 13. Bd4 Ne5 14. Bxe5 dxe5 15. Qe2 e6 16. b4 b6 17. Nd2 Qc7 18. Nb3 Rfd8 19. Rac1 Bf8 20. a3 Be8 21. Rfd1 Rxd1+ 22. Nxd1 a5 23. c5 axb4 24. axb4 bxc5 25. Nxc5 Qb6 26. Qb2 Rb8 27. Qxe5 Qxb4 28. Nd3 Qb5 29. Qxb5 Rxb5 30. Ne3 Rb3 31. Ne5 Bd6 32. N5c4 Bc7 33. e5 Kg7 1/2-1/2

[Event "Quebec op"]
[Site "Montreal CAN"]
[Date "2012.07.23"]
[Round "4"]
[White "Kraiouchkine, Nikita"]
[Black "Thavandiran, Shiyam"]
[Result "0-1"]
[WhiteElo "2204"]
[BlackElo "2301"]
[PlyCount "64"]
[GameId "2160767909442028"]
[EventDate "2012.07.21"]
[EventType "swiss"]
[EventRounds "9"]
[EventCountry "CAN"]
[SourceTitle "CBM 149 Extra"]
[Source "ChessBase"]
[SourceDate "2012.08.24"]
[SourceVersion "1"]
[SourceVersionDate "2012.08.24"]
[SourceQuality "1"]

1. e4 e6 2. d4 d5 3. Nc3 Bb4 4. e5 c5 5. a3 Bxc3+ 6. bxc3 Qa5 7. Bd2 Qa4 8. Be3 Ne7 9. f4 Nbc6 10. Nf3 Bd7 11. Bd3 c4 12. Be2 O-O-O 13. Kd2 Kb8 14. Qe1 f6 15. g4 Nc8 16. Qg3 Ka8 17. exf6 gxf6 18. g5 Nd6 19. Qe1 fxg5 20. fxg5 Ne4+ 21. Kc1 Qa5 22. Kb2 Be8 23. Nh4 e5 24. Rd1 exd4 25. Bxd4 Nxd4 26. Rxd4 Nc5 27. Nf5 Bg6 28. Ne3 Na4+ 29. Ka2 Nxc3+ 30. Kb2 Na4+ 31. Ka2 Qb6 32. Qa1 Bxc2 0-1

[Event "Quebec op"]
[Site "Montreal CAN"]
[Date "2012.07.23"]
[Round "4"]
[White "Lopez Linares, Lizandro"]
[Black "Larochelle, Martial"]
[Result "0-1"]
[WhiteElo "2096"]
[BlackElo "2240"]
[PlyCount "70"]
[GameId "2160767909442029"]
[EventDate "2012.07.21"]
[EventType "swiss"]
[EventRounds "9"]
[EventCountry "CAN"]
[SourceTitle "EXT 2022"]
[Source "ChessBase"]
[SourceDate "2021.10.06"]
[SourceVersion "1"]
[SourceVersionDate "2021.10.06"]
[SourceQuality "1"]

1. d4 Nf6 2. Nf3 g6 3. c4 Bg7 4. Nc3 d5 5. cxd5 Nxd5 6. e4 Nxc3 7. bxc3 c5 8. Be2 Nc6 9. d5 Bxc3+ 10. Bd2 Bxa1 11. Qxa1 Nd4 12. Nxd4 cxd4 13. Qxd4 O-O 14. h4 Qb6 15. Qa1 Bd7 16. O-O Rfc8 17. Be3 Qf6 18. Qb1 b5 19. g3 a6 20. Rd1 Qc3 21. Bf3 b4 22. d6 exd6 23. Rxd6 Be6 24. Kg2 a5 25. e5 Qxe5 26. Qd1 Rab8 27. Bf4 Qf5 28. Qd2 h5 29. Bg5 Kh7 30. Qd1 Rc3 31. Bd5 Rc2 32. Bf4 Bxd5+ 33. Rxd5 Qe4+ 34. Kg1 Re8 35. Be3 Rxa2 0-1

[Event "Quebec op"]
[Site "Montreal CAN"]
[Date "2012.07.23"]
[Round "4"]
[White "Luksza, Arkadiusz"]
[Black "Ramaswamy, Kiran"]
[Result "1-0"]
[WhiteElo "2143"]
[BlackElo "2037"]
[PlyCount "39"]
[GameId "2160767909442030"]
[EventDate "2012.07.21"]
[EventType "swiss"]
[EventRounds "9"]
[EventCountry "CAN"]
[SourceTitle "hb 2012"]

1. d4 Nf6 2. Nf3 d6 3. c4 Nbd7 4. Nc3 g6 5. e4 c5 6. d5 Bg7 7. Be2 O-O 8. h3 Ne8 9. O-O Nc7 10. Bg5 Nf6 11. Qd2 Bd7 12. Rad1 Rb8 13. e5 dxe5 14. Nxe5 Bf5 15. Qe3 Qd6 16. Bf4 g5 17. Bg3 Ne4 18. Nxe4 Bxe4 19. Nxf7 Qd7 20. Nxg5 1-0

[Event "Quebec op"]
[Site "Montreal CAN"]
[Date "2012.07.23"]
[Round "4"]
[White "Malveau, Cedric"]
[Black "Sprumont, Oscar"]
[Result "1-0"]
[WhiteElo "1951"]
[BlackElo "1857"]
[PlyCount "105"]
[GameId "2160767909442031"]
[EventDate "2012.07.21"]
[EventType "swiss"]
[EventRounds "9"]
[EventCountry "CAN"]
[SourceTitle "hb 2012"]

1. d4 Nf6 2. c4 g6 3. Nc3 d5 4. Bf4 Bg7 5. e3 c5 6. Nf3 O-O 7. Be2 cxd4 8. Nxd4 Ne4 9. Nxe4 dxe4 10. Bxb8 Qa5+ 11. Qd2 Qxd2+ 12. Kxd2 Rxb8 13. Rhd1 Bd7 14. Ke1 Rfc8 15. b4 Rc7 16. a4 Rbc8 17. Ra2 a6 18. a5 e5 19. Nb3 Bf8 20. c5 Be6 21. Rb2 Rd7 22. Nd2 Rcd8 23. Nxe4 Be7 24. Rbd2 Rxd2 25. Rxd2 Rxd2 26. Kxd2 Bd5 27. Bf3 Bc6 28. Kc3 f5 29. Nd2 e4 30. Be2 Bf6+ 31. Kb3 Be5 32. Bc4+ Kg7 33. g3 g5 34. Nb1 f4 35. Nc3 fxg3 36. hxg3 h5 37. Bf1 Kg6 38. Kc4 h4 39. gxh4 gxh4 40. Bh3 Bh2 41. Kd4 Bg1 42. Nxe4 Bxe4 43. Kxe4 Bxf2 44. Kd3 Be1 45. Kc4 Kf6 46. Bc8 Bd2 47. Bxb7 Ke7 48. Bxa6 Kd7 49. Bb7 h3 50. a6 Kc7 51. b5 Bxe3 52. b6+ Kb8 53. Bf3 1-0

[Event "Quebec op"]
[Site "Montreal CAN"]
[Date "2012.07.23"]
[Round "4"]
[White "Masse, Hugues"]
[Black "Oliva Castaneda, Kevel"]
[Result "0-1"]
[WhiteElo "2232"]
[BlackElo "2320"]
[PlyCount "128"]
[GameId "2160767909442032"]
[EventDate "2012.07.21"]
[EventType "swiss"]
[EventRounds "9"]
[EventCountry "CAN"]
[SourceTitle "CBM 149 Extra"]
[Source "ChessBase"]
[SourceDate "2012.08.24"]
[SourceVersion "1"]
[SourceVersionDate "2012.08.24"]
[SourceQuality "1"]

1. d4 Nf6 2. c4 g6 3. g3 Bg7 4. Bg2 O-O 5. Nc3 d6 6. Nf3 Nc6 7. O-O a6 8. Qd3 Bd7 9. d5 Nb4 10. Qd1 a5 11. e4 e5 12. Ne1 b6 13. a3 Na6 14. Rb1 Nc5 15. b4 axb4 16. axb4 Na4 17. Qc2 Nxc3 18. Qxc3 c6 19. dxc6 Bxc6 20. Qd3 Ra4 21. Nc2 Qa8 22. f3 Qb8 23. Rd1 Rd8 24. Bf1 h6 25. Be3 Bf8 26. Ra1 Rxa1 27. Rxa1 Qc7 28. Qd2 Kh7 29. Qf2 Rb8 30. Na3 Be7 31. Qd2 Bf8 32. Qf2 Qb7 33. b5 Bd7 34. Nc2 Be6 35. Nb4 Nd7 36. Nc6 Ra8 37. Rxa8 Qxa8 38. Bxb6 Nxb6 39. Qxb6 Qa1 40. Qa7 Qc1 41. Qf2 d5 42. Kg2 dxc4 43. b6 Bd6 44. b7 Qb1 45. Qd2 Bh3+ 46. Kxh3 Qxf1+ 47. Qg2 Qb1 48. Qe2 Qd3 49. Qa2 Qf1+ 50. Qg2 Qb1 51. Qe2 Qd3 52. Qa2 Kg7 53. Qb2 c3 54. b8=Q Bxb8 55. Qxb8 Qf1+ 56. Kh4 g5+ 57. Kg4 h5+ 58. Kf5 Qxf3+ 59. Kxe5 Qf6+ 60. Kd5 c2 61. Nd4 c1=Q 62. h4 Qd2 63. e5 Qe6+ 64. Ke4 Qg4+ 0-1

[Event "Quebec op"]
[Site "Montreal CAN"]
[Date "2012.07.23"]
[Round "4"]
[White "Munshi, Shawkat"]
[Black "Le Duin, Thierry"]
[Result "0-1"]
[WhiteElo "1678"]
[BlackElo "1938"]
[PlyCount "72"]
[GameId "2160767909442033"]
[EventDate "2012.07.21"]
[EventType "swiss"]
[EventRounds "9"]
[EventCountry "CAN"]
[SourceTitle "hb 2012"]

1. Nf3 Nf6 2. e3 g6 3. b3 Bg7 4. Bb2 O-O 5. Be2 d6 6. d4 c5 7. O-O Nc6 8. c3 b6 9. Nbd2 Bb7 10. Qc2 Rc8 11. a3 Qc7 12. c4 a6 13. d5 Nb8 14. e4 b5 15. Rab1 Nbd7 16. Rfe1 Qb6 17. e5 Ng4 18. exd6 Qxd6 19. Bxg7 Kxg7 20. h3 Ngf6 21. Bd3 Rce8 22. Ne4 Qf4 23. Re2 e6 24. Nxf6 Nxf6 25. Rbe1 exd5 26. Rxe8 Nxe8 27. cxb5 axb5 28. Qxc5 Nd6 29. Qd4+ Qxd4 30. Nxd4 Ra8 31. Re7 Rxa3 32. Nxb5 Nxb5 33. Bxb5 Ba8 34. Ba4 Ra1+ 35. Kh2 Rc1 36. Re8 Bb7 0-1

[Event "Quebec op"]
[Site "Montreal CAN"]
[Date "2012.07.23"]
[Round "4"]
[White "Nardone, Raul"]
[Black "Lebeau, Gilbert"]
[Result "0-1"]
[WhiteElo "1870"]
[BlackElo "1978"]
[PlyCount "84"]
[GameId "2160767909442034"]
[EventDate "2012.07.21"]
[EventType "swiss"]
[EventRounds "9"]
[EventCountry "CAN"]
[SourceTitle "hb 2012"]

1. e4 e5 2. Nf3 Nc6 3. Bb5 a6 4. Ba4 Nf6 5. O-O Be7 6. Re1 b5 7. Bb3 d6 8. h3 O-O 9. c3 Nb8 10. d4 Nbd7 11. Nbd2 Bb7 12. Bc2 Re8 13. Nf1 Bf8 14. Ng3 g6 15. Bd2 Bg7 16. a4 c6 17. a5 Qc7 18. Qb1 Rac8 19. Qa2 d5 20. dxe5 Nxe4 21. Nxe4 dxe4 22. e6 Rxe6 23. Ng5 Re7 24. Rxe4 Nf6 25. Rxe7 Qxe7 26. Re1 Qd7 27. Rd1 c5 28. Bf4 Qe8 29. Nf3 Bxf3 30. gxf3 Qe2 31. Rd2 Qxf3 32. Be3 Nh5 33. Bd1 Qe4 34. Qd5 Ng3 35. fxg3 Qxe3+ 36. Kg2 Bd4 37. Rxd4 cxd4 38. Bb3 Qe2+ 39. Kg1 Qe7 40. Qxd4 Rd8 41. Qf2 Rd7 42. Kg2 Qg5 0-1

[Event "Quebec op"]
[Site "Montreal CAN"]
[Date "2012.07.23"]
[Round "4"]
[White "Naroditsky, Daniel"]
[Black "Perez Garcia, Rodney Oscar"]
[Result "1-0"]
[WhiteElo "2486"]
[BlackElo "2412"]
[PlyCount "112"]
[GameId "2160767909442035"]
[EventDate "2012.07.21"]
[EventType "swiss"]
[EventRounds "9"]
[EventCountry "CAN"]
[SourceTitle "CBM 149 Extra"]
[Source "ChessBase"]
[SourceDate "2012.08.24"]
[SourceVersion "1"]
[SourceVersionDate "2012.08.24"]
[SourceQuality "1"]

1. e4 e5 2. Nf3 Nf6 3. d4 Nxe4 4. Bd3 d5 5. Nxe5 Nd7 6. Nxd7 Bxd7 7. O-O Bd6 8. Nc3 Nxc3 9. bxc3 O-O 10. Qh5 f5 11. Rb1 b6 12. Re1 c6 13. c4 Qc7 14. Bd2 Rae8 15. h3 g6 16. Qf3 Re4 17. cxd5 Rxd4 18. c3 Ra4 19. Bc2 Rxa2 20. dxc6 Rxc2 21. Qd5+ Rf7 22. cxd7 Qxd7 23. Bh6 Bf8 24. Qxd7 Rxd7 25. Re8 Rf7 26. Rd1 Re2 27. Rxe2 Bxh6 28. Re8+ Bf8 29. Ra1 Kg7 30. Ra6 Bc5 31. Ra8 b5 32. Ra5 Rd7 33. Rxb5 Rd1+ 34. Kh2 Bxf2 35. g4 f4 36. g5 Bb6 37. Re5 Rd2+ 38. Kh1 Rd7 39. Kg2 h6 40. h4 hxg5 41. hxg5 Rc7 42. c4 Kf7 43. Re4 Rc5 44. Rxf4+ Kg7 45. Rg4 Rf5 46. Re8 Kf7 47. Ree4 Ra5 48. Rgf4+ Kg7 49. Re7+ Kg8 50. Kf3 Rxg5 51. Rg4 Rf5+ 52. Ke4 Rc5 53. Kd3 Rc6 54. Rge4 Rf6 55. R4e5 Rf4 56. c5 Bxc5 1-0

[Event "Quebec op"]
[Site "Montreal CAN"]
[Date "2012.07.23"]
[Round "4"]
[White "Noritsyn, Nikolay"]
[Black "Hansen, Eric"]
[Result "0-1"]
[WhiteElo "2460"]
[BlackElo "2460"]
[PlyCount "112"]
[GameId "2160767909442036"]
[EventDate "2012.07.21"]
[EventType "swiss"]
[EventRounds "9"]
[EventCountry "CAN"]
[SourceTitle "CBM 149 Extra"]
[Source "ChessBase"]
[SourceDate "2012.08.24"]
[SourceVersion "1"]
[SourceVersionDate "2012.08.24"]
[SourceQuality "1"]

1. c4 g6 2. Nc3 c5 3. e3 Bg7 4. d4 Nf6 5. d5 d6 6. Nf3 O-O 7. Be2 e6 8. O-O exd5 9. cxd5 Re8 10. Nd2 Na6 11. e4 Nc7 12. f3 Rb8 13. a4 b6 14. Nc4 Ba6 15. Bg5 Bxc4 16. Bxc4 h6 17. Bh4 a6 18. Re1 b5 19. axb5 axb5 20. Bf1 g5 21. Bf2 Nd7 22. Rb1 Be5 23. Ne2 Qf6 24. Qc2 Na6 25. Ng3 c4 26. Nf5 Ndc5 27. Red1 Nb4 28. Qd2 Nbd3 29. Bg3 Nb3 30. Bxe5 dxe5 31. Qe3 Ndc5 32. g3 Rbd8 33. h4 Nb7 34. hxg5 hxg5 35. Bh3 Nd6 36. Nxd6 Rxd6 37. Rf1 Kg7 38. Kg2 Rh8 39. Bg4 Ra6 40. Rh1 Raa8 41. d6 Nd4 42. d7 b4 43. Qd2 c3 44. bxc3 Rxh1 45. Kxh1 Rh8+ 46. Kg2 Qh6 47. Qe3 bxc3 48. Rg1 c2 49. Kf2 Nb3 50. Bh3 g4 51. f4 c1=Q 52. Rxc1 Nxc1 53. Bf1 Qh1 54. Bg2 Qd1 55. Qc3 Qe2+ 56. Kg1 Nd3 0-1

[Event "Quebec op"]
[Site "Montreal CAN"]
[Date "2012.07.23"]
[Round "4"]
[White "O'Neill, Brendon"]
[Black "Wu, Qiyou"]
[Result "0-1"]
[WhiteElo "1496"]
[BlackElo "2098"]
[PlyCount "76"]
[GameId "2160767909442037"]
[EventDate "2012.07.21"]
[EventType "swiss"]
[EventRounds "9"]
[EventCountry "CAN"]
[SourceTitle "hb 2012"]

1. e4 c5 2. Nf3 d6 3. d4 cxd4 4. Nxd4 Nf6 5. Nc3 g6 6. Be3 Bg7 7. Bc4 O-O 8. Qd2 Nc6 9. Nb3 Ng4 10. Bg5 a6 11. a4 Nce5 12. Be2 Be6 13. Nd5 Bxd5 14. Qxd5 Qb6 15. O-O Nf6 16. a5 Qc7 17. Bxf6 Bxf6 18. Nd2 Rac8 19. c3 Bg7 20. f4 Nd7 21. f5 Nf6 22. Qd3 Rfd8 23. Qf3 d5 24. fxg6 hxg6 25. g4 Qe5 26. Ra4 d4 27. Qg2 dxc3 28. Nf3 Qc5+ 29. Kh1 cxb2 30. e5 Nd5 31. Rc4 Qxa5 32. Ng5 Ne3 33. Rxc8 Nxg2 34. Rxd8+ Qxd8 35. Nxf7 Qd5 36. Bf3 Qxf7 37. Kxg2 Qa2 38. Rd1 e6 0-1

[Event "Quebec op"]
[Site "Montreal CAN"]
[Date "2012.07.23"]
[Round "4"]
[White "Plante, Michel"]
[Black "Beaulieu, Pierre"]
[Result "1-0"]
[WhiteElo "2084"]
[BlackElo "1901"]
[PlyCount "67"]
[GameId "2160767909442038"]
[EventDate "2012.07.21"]
[EventType "swiss"]
[EventRounds "9"]
[EventCountry "CAN"]
[SourceTitle "hb 2012"]

1. b3 Nf6 2. Bb2 e6 3. g3 b6 4. Bg2 Nc6 5. e4 Bb7 6. e5 Ng8 7. d4 d5 8. Ne2 Nh6 9. O-O Na5 10. Bc3 c5 11. Bxa5 bxa5 12. c3 Qb6 13. h3 Rc8 14. g4 Ba6 15. Nd2 Be7 16. c4 cxd4 17. cxd5 exd5 18. Kh1 g5 19. Bxd5 Rc5 20. Nc4 Qd8 21. Bg2 Bxc4 22. bxc4 d3 23. Ng3 Rxe5 24. Qa4+ Kf8 25. Rae1 Qd4 26. Qc6 Rxe1 27. Qxh6+ Kg8 28. Rxe1 d2 29. Rd1 Qxf2 30. Nf1 Bc5 31. Qxg5+ Kf8 32. Nxd2 Be3 33. Qe5 Rg8 34. Ne4 1-0

[Event "Quebec op"]
[Site "Montreal CAN"]
[Date "2012.07.23"]
[Round "4"]
[White "Qin, Zi Yi (Joey)"]
[Black "Panjwani, Raja"]
[Result "0-1"]
[WhiteElo "2198"]
[BlackElo "2416"]
[PlyCount "98"]
[GameId "2160767909442039"]
[EventDate "2012.07.21"]
[EventType "swiss"]
[EventRounds "9"]
[EventCountry "CAN"]

1. e4 g6 2. d4 Bg7 3. Nc3 c6 4. Be3 Qb6 5. Rb1 d6 6. Nf3 Qc7 7. a4 Nd7 8. Bc4 Ngf6 9. O-O O-O 10. h3 a6 11. Ra1 b6 12. Qe2 Bb7 13. e5 dxe5 14. dxe5 Nd5 15. Bd4 e6 16. Bxd5 cxd5 17. Rfe1 Rfc8 18. Qe3 Qd8 19. Re2 Rc4 20. Nd1 b5 21. b3 Rc6 22. axb5 axb5 23. Rxa8 Qxa8 24. b4 Qa4 25. Qd2 Nb6 26. Nb2 Qa2 27. c3 Bf8 28. g4 Qb3 29. Bxb6 Rxb6 30. Nd4 Qa2 31. Nd3 Qc4 32. Nb2 Qc8 33. g5 Ra6 34. Re3 Ra2 35. Rf3 Bc6 36. Qf4 Be8 37. Nd3 Qxc3 38. Nxe6 Ra1+ 39. Kh2 Rd1 40. Nec5 Qd2 41. Qxd2 Rxd2 42. Kg3 Be7 43. h4 Bc6 44. Nb3 Rd1 45. Nd4 Bd7 46. Kf4 Bxb4 47. Ke3 Bc3 48. Ne2 Bd2+ 49. Kd4 Bg4 0-1

[Event "Quebec op"]
[Site "Montreal CAN"]
[Date "2012.07.23"]
[Round "4"]
[White "Robidas, Francois"]
[Black "Trottier, Emile"]
[Result "1-0"]
[WhiteElo "1994"]
[BlackElo "2060"]
[PlyCount "55"]
[GameId "2160767909442040"]
[EventDate "2012.07.21"]
[EventType "swiss"]
[EventRounds "9"]
[EventCountry "CAN"]
[SourceTitle "hb 2012"]

1. e4 e6 2. d4 d5 3. e5 c5 4. c3 Nc6 5. Nf3 Qb6 6. Be2 Bd7 7. O-O cxd4 8. cxd4 Nge7 9. Nc3 a6 10. a3 Nf5 11. Na4 Qa7 12. Be3 Be7 13. b4 O-O 14. Nc5 Bxc5 15. bxc5 b6 16. cxb6 Qxb6 17. Rb1 Qa7 18. Bd3 Rab8 19. g4 Nxe3 20. fxe3 f6 21. exf6 gxf6 22. Qc2 e5 23. Rxb8 Nxb8 24. Bxh7+ Kh8 25. Nxe5 Ba4 26. Ng6+ Kg7 27. Qf5 Rf7 28. Ne5 1-0

[Event "Quebec op"]
[Site "Montreal CAN"]
[Date "2012.07.23"]
[Round "4"]
[White "Rozentalis, Eduardas"]
[Black "Leveille, Francois"]
[Result "1-0"]
[WhiteElo "2600"]
[BlackElo "2301"]
[PlyCount "145"]
[GameId "2160767909442041"]
[EventDate "2012.07.21"]
[EventType "swiss"]
[EventRounds "9"]
[EventCountry "CAN"]
[SourceTitle "CBM 149 Extra"]
[Source "ChessBase"]
[SourceDate "2012.08.24"]
[SourceVersion "1"]
[SourceVersionDate "2012.08.24"]
[SourceQuality "1"]

1. e4 c6 2. d4 d5 3. Nd2 dxe4 4. Nxe4 Bf5 5. Ng3 Bg6 6. Nh3 e6 7. Bc4 Nf6 8. Nf4 Bd6 9. c3 Nbd7 10. Qf3 Bxf4 11. Bxf4 Nd5 12. Bd2 N5b6 13. Bb3 a5 14. h4 h6 15. h5 Bh7 16. Ne4 O-O 17. a4 c5 18. Nxc5 Nxc5 19. dxc5 Nd7 20. Be3 Qc7 21. Rh4 Ne5 22. Qg3 Nd3+ 23. Ke2 Qxg3 24. fxg3 Rfc8 25. Rd1 Nxc5 26. Bxc5 Rxc5 27. Rd7 Rb8 28. Rf4 Bf5 29. g4 g5 30. Rfd4 Bb1 31. Bc4 Rbc8 32. Bb5 Re5+ 33. Kf3 Ba2 34. Kf2 Bd5 35. c4 Be4 36. Rd8+ Rxd8 37. Rxd8+ Kg7 38. Ra8 Bd3 39. Rd8 Be4 40. g3 Bh1 41. Ra8 f5 42. Rxa5 f4 43. Ra7 Kf6 44. a5 Re3 45. a6 bxa6 46. Rxa6 Rxg3 47. Bd7 Re3 48. b4 Bf3 49. Rxe6+ Rxe6 50. Bxe6 Kxe6 51. Kxf3 Ke5 52. Ke2 Kd4 53. c5 Kd5 54. Kd3 Kc6 55. Kc4 Kc7 56. b5 Kd7 57. c6+ Kd6 58. Kd4 Kc7 59. Kc5 f3 60. b6+ Kc8 61. Kd6 f2 62. b7+ Kb8 63. Kd7 f1=Q 64. c7+ Kxb7 65. c8=Q+ Kb6 66. Qc7+ Kb5 67. Qc6+ Ka5 68. Qd5+ Ka6 69. Ke6 Qf4 70. Qf5 Kb6 71. Kf6 Ka6 72. Kg6 Kb6 73. Qe6+ 1-0

[Event "Quebec op"]
[Site "Montreal CAN"]
[Date "2012.07.23"]
[Round "4"]
[White "Smith, Bryan G"]
[Black "Vera, Reynaldo"]
[Result "1-0"]
[WhiteElo "2441"]
[BlackElo "2489"]
[PlyCount "73"]
[GameId "2160767909442042"]
[EventDate "2012.07.21"]
[EventType "swiss"]
[EventRounds "9"]
[EventCountry "CAN"]
[SourceTitle "CBM 149 Extra"]
[Source "ChessBase"]
[SourceDate "2012.08.24"]
[SourceVersion "1"]
[SourceVersionDate "2012.08.24"]
[SourceQuality "1"]

1. e4 c5 2. Nf3 d6 3. d4 cxd4 4. Nxd4 Nf6 5. Nc3 a6 6. h3 Nc6 7. g4 Qb6 8. Nb3 e6 9. Bg2 Qc7 10. O-O Be7 11. f4 O-O 12. Be3 b5 13. g5 Nd7 14. Qg4 Re8 15. h4 Bf8 16. h5 Bb7 17. Rae1 Rac8 18. f5 Nce5 19. Qh3 b4 20. Ne2 exf5 21. exf5 Bxg2 22. Qxg2 Qxc2 23. Nbd4 Qxb2 24. g6 Qxa2 25. Ra1 Qc4 26. Nf4 Nd3 27. gxf7+ Qxf7 28. Nfe6 Nf6 29. h6 Kh8 30. Rxa6 gxh6 31. Nc6 Rxe6 32. fxe6 Qxe6 33. Bd4 Bg7 34. Ra7 Rg8 35. Nd8 Ne1 36. Nxe6 Nxg2 37. Rxg7 1-0

[Event "Quebec op"]
[Site "Montreal CAN"]
[Date "2012.07.23"]
[Round "4"]
[White "Sumets, Andrey"]
[Black "Arencibia Rodriguez, Walter"]
[Result "1-0"]
[WhiteElo "2618"]
[BlackElo "2526"]
[PlyCount "69"]
[GameId "2160767909442043"]
[EventDate "2012.07.21"]
[EventType "swiss"]
[EventRounds "9"]
[EventCountry "CAN"]
[SourceTitle "CBM 149 Extra"]
[Source "ChessBase"]
[SourceDate "2012.08.24"]
[SourceVersion "1"]
[SourceVersionDate "2012.08.24"]
[SourceQuality "1"]

1. d4 Nf6 2. c4 e6 3. g3 c5 4. Nf3 cxd4 5. Nxd4 d5 6. Bg2 e5 7. Nf3 d4 8. O-O Nc6 9. e3 Be7 10. exd4 exd4 11. Bf4 Be6 12. Ne5 Rc8 13. Nd2 Nd7 14. Nxc6 bxc6 15. Nb3 c5 16. Bb7 g5 17. Bd2 Rb8 18. Bd5 Bxd5 19. cxd5 Nb6 20. Qh5 Qxd5 21. Rae1 h6 22. f4 Nc4 23. fxg5 Rxb3 24. axb3 Nxd2 25. Qe2 O-O 26. Qxd2 Bxg5 27. Qd3 Rb8 28. Rf3 Qb7 29. Re5 Be3+ 30. Kg2 Qxb3 31. Qf5 Qa2 32. Kh3 Rf8 33. Rxc5 Qxb2 34. Qg4+ Kh7 35. Rc8 1-0

[Event "Quebec op"]
[Site "Montreal CAN"]
[Date "2012.07.23"]
[Round "4"]
[White "Trahan, Daniel"]
[Black "Auger, Bertrand"]
[Result "1-0"]
[WhiteElo "2095"]
[BlackElo "1928"]
[PlyCount "69"]
[GameId "2160767909442044"]
[EventDate "2012.07.21"]
[EventType "swiss"]
[EventRounds "9"]
[EventCountry "CAN"]
[SourceTitle "hb 2012"]

1. d4 Nf6 2. c4 e6 3. Nc3 Bb4 4. Qc2 O-O 5. a3 Bxc3+ 6. Qxc3 b6 7. Bg5 Bb7 8. f3 c5 9. e3 cxd4 10. exd4 d5 11. Nh3 Nbd7 12. cxd5 Rc8 13. Qd2 exd5 14. Bb5 h6 15. Bxd7 Qxd7 16. Bxf6 gxf6 17. O-O Qf5 18. Rfc1 Qg6 19. Nf4 Qg5 20. g3 h5 21. Rxc8 Rxc8 22. Rc1 Rxc1+ 23. Qxc1 h4 24. Kg2 hxg3 25. hxg3 Qf5 26. g4 Qg5 27. Kg3 f5 28. Qc7 Ba6 29. Qb8+ Kh7 30. Qxa7 fxg4 31. Qxa6 gxf3+ 32. Kf2 f5 33. Qb7+ Kh8 34. Qc8+ Kh7 35. Qd7+ 1-0